Capitales des anciennes provinces et régions historiques françaises - Statistiques

Statistiques générales
  • Ce quiz a été pris 88 fois
  • Le résultat moyen est 15 sur 25
Statistiques - réponses
Province Ville % Correct
Alsace Strasbourg
99%
Auvergne Clermont-Ferrand
92%
Bourgogne Dijon
92%
Flandre française Lille
91%
Anjou Angers
84%
Limousin Limoges
82%
Béarn Pau
81%
Nivernais Nevers
76%
Savoie Chambéry
73%
Périgord Périgueux
73%
Roussillon Perpignan
73%
Dauphiné Grenoble
72%
Guyenne Bordeaux
66%
Maine Le Mans
62%
Berry Bourges
57%
Cambrésis Cambrai
57%
Saintonge Saintes
50%
Aunis La Rochelle
46%
Bigorre Tarbes
42%
Bourbonnais Moulins
39%
Marche Guéret
34%
Quercy Cahors
31%
Gascogne Auch
27%
Trégor Lannion
14%
Vermandois Saint-Quentin
7%
Aucun quiz correspondant
Distribution des résultats
% des personnes avec chaque résultat
Percentile par nombre de réponses
Votre historique - résultats
Vous n’avez pas pris ce quiz